Mapa de reconocimiento de suelos de la provincia de Tucumán /

Guardado en:
Autor Principal: Zuccardi, Ramón Guillermo.
Otros Autores: Fadda, Guillermo S.
Formato: Libro
Idioma:Spanish
Publicado: San Miguel de Tucumán : Universidad Nacional de Tucumán, Facultad de Agronomía y Zootecnia, 1972.
Series:Publicación especial ; 3
Etiquetas: Agregar Etiqueta
Sin Etiquetas, Sea el primero en etiquetar este registro!
LEADER 00649nam a22001575a 4500
001 EEA.libagro005473
005 20180627111346.0
008 130809s1972####ag#a##########000#0#spa#d
082 0 4 |a 631.478243 
100 1 |a Zuccardi, Ramón Guillermo. 
245 1 0 |a Mapa de reconocimiento de suelos de la provincia de Tucumán /  |c Ramón Guillermo Zuccardi, Guillermo S. Fadda. 
260 |a San Miguel de Tucumán :  |b Universidad Nacional de Tucumán, Facultad de Agronomía y Zootecnia,  |c 1972. 
300 |a 99 p. :  |b il., mapas ;  |c 21 cm. 
490 1 |a Publicación especial ;  |v 3 
700 1 |a Fadda, Guillermo S. 
859 |a AR-BbBCA  |b BIB. AGRONOMIA  |h 631.478243  |i Z94  |p 1996/2787